Teórie hier a rozhodovania v podmienkach neistoty diplomová práca

Saved in:
Bibliographic Details
Main Author: Štefančík, Michal
Corporate Author: Národohospodárska fakulta EU. Katedra financií
Other Authors: Hocman, František, 1983-
Format: Book
Language:Slovak
Published: Bratislava 2014
Tags: Add Tag
No Tags, Be the first to tag this record!

MARC

LEADER 00000nbm a2200000 4500
001 0187553
005 20170201090137.8
041 0 |a slo 
044 |a SK 
245 1 0 |a Teórie hier a rozhodovania v podmienkach neistoty  |b diplomová práca  |c Michal Štefančík ; školiteľ: František Hocman 
264 1 |a Bratislava  |c 2014 
300 |a 59 s. 
100 1 |a Štefančík, Michal 
700 1 |a Hocman, František, 1983- 
710 2 |a Národohospodárska fakulta EU. Katedra financií